00613cam a22002411 4500001001300000003000400013005001700017008004100034010001700075035002000092040001800112042001200130050001700142100003800159245003300197260001100230300003200241500001500273504003100288650001800319650001700337999001700354sa 68015585 DLC20260227112644.0900130s1965 ii b 000 0 telo  asa 68015585  a(OCoLC)20974762 aDLCcWaUdDLC apremarc00aPK2916b.L271 aLakshmikanthamma, Utukuri,d1917-10aAkhilabhārata kavayitrulu. c[1965] axviii, 468, viii p.c22 cm. aIn Telugu. aBibliographical footnotes. 0aIndic poetry. 0aWomen poets. c86538d86538